The formal method in literary scholarship = El método formal en los estudios literarios /
Na minha lista:
| Autor principal: | |
|---|---|
| Formato: | Desconhecido |
| Idioma: | English |
| Publicado em: |
Baltimore :
Johns Hopkins University Press,
1978.
|
| Assuntos: | |
| Tags: |
Adicionar Tag
Sem tags, seja o primeiro a adicionar uma tag!
|
MARC
| LEADER | 000000000a22000000004500 | ||
|---|---|---|---|
| 001 | 003061 | ||
| 041 | 0 | |a eng | |
| 082 | 0 | 4 | |a 801 |b M493f |
| 100 | 1 | |a Medvedev, P. N. |q (Pavel Nikolaevich), |d 1891-1938. | |
| 245 | 1 | 0 | |a The formal method in literary scholarship = |b El método formal en los estudios literarios / |c Pavel Nikolaevich. |
| 246 | 3 | 1 | |a El método formal en los estudios literarios |
| 260 | 1 | |a Baltimore : |b Johns Hopkins University Press, |c 1978. | |
| 300 | |a 191 páginas ; |c 24 cm. | ||
| 500 | |a Colección George Yúdice | ||
| 650 | 4 | |a CRITICA | |
| 650 | 4 | |a FORMALISMO | |
| 650 | 4 | |a ANALISIS LITERARIO | |
| 650 | 4 | |a POETICA | |
| 650 | 4 | |a RETORICA | |
| 999 | |c 9373 |d 9373 | ||
| 942 | |c BK |h 801 M493f |2 z | ||
